000 00904nmm a2200253 a 4500
001 ocm000701475
003 TR-IsHL
005 20201028134329.0
008 131121s1991 tu tur
007 cr cn
035 _a701475
_b(N$T)
050 0 4 _aHF3756.5.A5
_bP45 1991
090 0 4 _aHF3756.5.A5
_bP45 1991
100 1 _aPekcan, Erdoğdu
245 1 0 _aDış ticarette uluslararası kurallar ve banka uygulamaları
_h[electronic resource] /
_cErdoğdu Pekcan
260 _aİstanbul :
_bİstanbul Ticaret Odası,
_c1991
300 _a162 p.
650 4 _aEkonomi ve Finans
650 4 _aEconomics and Finance
650 0 _aDış ticaret
_x Türkiye
650 0 _aForeign trade regulation
_x Turkey
650 7 _aPOLITICAL SCIENCE / International Relations / Trade & Tariffs
_2bisacsh
856 4 0 _uhttp://search.ebscohost.com/login.aspx?direct=true&scope=site&db=e011xww&AN=701475
999 _c6134
_d6134